| 000 | 00534nam a2200169 4500 | ||
|---|---|---|---|
| 001 | 148170 | ||
| 003 | ES-MaACL | ||
| 005 | 20230906202453.0 | ||
| 007 | t| | ||
| 008 | 070214s1973 sp r ||||1| spa d | ||
| 100 | 1 |
_aStamm, María Dolores. _9107876 |
|
| 245 | 1 | 0 |
_aPsicofármacos, analgésicos y anestésicos / _cMaría Dolores Stamm. |
| 260 |
_aMadrid : _bPatronato Alonso de Herrera, _c1973. |
||
| 300 |
_aVIII, 253 p. : _bil. ; _c24 cm. |
||
| 710 | 2 |
_aPatronato Alonso de Herrera. _96169 |
|
| 852 |
_aES-MaACL _jC-53816 _bR.86897 |
||
| 999 |
_c148170 _d148170 |
||